Local government in modern Mauritius (Record no. 22821)

000 -LEADER
fixed length control field 00440pab a2200169 454500
008 - FIXED-LENGTH DATA ELEMENTS--GENERAL INFORMATION
fixed length control field 180718b1992 xxu||||| |||| 00| 0 eng d
100 ## - MAIN ENTRY--PERSONAL NAME
Personal name Dukhira , Chit G.
245 ## - TITLE STATEMENT
Title Local government in modern Mauritius
260 ## - PUBLICATION, DISTRIBUTION, ETC.
Date of publication, distribution, etc. 1992
300 ## - PHYSICAL DESCRIPTION
Extent p.139-152.
362 ## - DATES OF PUBLICATION AND/OR SEQUENTIAL DESIGNATION
Dates of publication and/or sequential designation Apr-Jun
650 ## - SUBJECT ADDED ENTRY--TOPICAL TERM
Topical term or geographic name entry element Local Government - Mauritius
650 ## - SUBJECT ADDED ENTRY--TOPICAL TERM
Topical term or geographic name entry element Local Government
773 ## - HOST ITEM ENTRY
Main entry heading Indian Journal of Public Administration
908 ## - PUT COMMAND PARAMETER (RLIN)
Put command parameter N
909 ## -
-- 22821
Holdings
Withdrawn status Lost status Damaged status Not for loan Permanent Location Current Location Date acquired Serial Enumeration / chronology Barcode Date last seen Price effective from Koha item type
        Indian Institute of Public Administration Indian Institute of Public Administration 2018-07-19 Volume no: 38, Issue no: 2 AR22890 2018-07-19 2018-07-19 Articles

Powered by Koha